00333nam a2200097Ia 4500008004000000082001600040100002400056245010400080260004100184300001000225210210b1965 xxu||||| |||| 00| 0 eng d a300.72 THOS aTHOMLINSON (Ralph). aSociological concepts and research: acquisition, analysis and interpretation of social information. aNew York.bRandom Book House.,c1965 a6,182